000 00462nam a22001697a 4500
003 BD-ChCU
005 20260415124345.0
008 260415b bg ||||| |||| 00| 0 ben d
040 _cBD-ChCU
082 _a370.109 THH
100 _aThompson, Merritt M.
_921513
245 _aThe history of education.
_c Merritt M. Thompson,
260 _aNew York.
_bBarnes & Noble,
_c 1964
300 _a159p
650 0 _aEducation - History.
_921514
942 _2ddc
_cBK
_n0
999 _c112218
_d112218